International Business / Introduction and Essentials: Third Edition (Record no. 5424)
[ view plain ]
| 000 -LEADER | |
|---|---|
| fixed length control field | 02296cam a22002294a 4500 |
| 005 - ΗΜΕΡΟΜΗΝΙΑ ΚΑΙ ΩΡΑ ΤΕΛΕΥΤΑΙΑΣ ΕΝΗΜΕΡΩΣΗΣ | |
| Πεδίο ελέγχου | 20250605164212.0 |
| 008 - FIXED-LENGTH DATA ELEMENTS--GENERAL INFORMATION | |
| Πεδίο ελέγχου σταθερού μήκους | 250528s ||||||||||||||||||||||||d |
| 035 ## - SYSTEM CONTROL NUMBER | |
| System control number | 20301 |
| 020 ## - ISBN | |
| ISBN | 256058253 |
| 040 ## - ΠΗΓΗ ΚΑΤΑΛΟΓΟΓΡΑΦΗΣΗΣ | |
| Φορέας πρωτότυπης καταλογογράφησης | MC Athens Campus Library |
| Γλώσσα καταλογογράφησης | Ελληνικά, Μοντέρνα (1453-) |
| Modifying agency | MC Athens Campus Library |
| Κανόνες περιγραφικής καταλογογράφησης | AACR2 |
| 245 1# - ΤΙΤΛΟΣ ΚΑΙ ΔΗΛΩΣΗ ΥΠΕΥΘΥΝΟΤΗΤΑΣ | |
| Τίτλος | International Business / Introduction and Essentials: Third Edition |
| 250 ## - EDITION STATEMENT | |
| Edition statement | 3rd |
| 260 ## - PUBLICATION, DISTRIBUTION, ETC. | |
| Name of publisher, distributor, etc. | Business Publications, |
| Date of publication, distribution, etc. | 1988 |
| 300 ## - PHYSICAL DESCRIPTION | |
| Extent | 944 |
| 505 0# - FORMATTED CONTENTS NOTE | |
| Formatted contents note | The Nature of International Business, Introduction to International Business, International Trade and Foreign Investment, Theories of International Trade and Economic Development, The International Environment: Organizations and Monetary System, International Monetary System and Balance of Payments, Foreign Environment, Financial Forces, Physical Forces, Sociocultural Forces, Political Forces, Legal Forces, Labor Forces, Competitive and Distributive Forces, Economic Forces, How Management eals with Environmental Forces, Market Assessment and Analysis, Marketing Internationally, Export Practices and Procedures, East-West Trade, Financial Management, Production System, Labor Relations Policies and Management, Planning and Organizing, Control and Staffing, The Multinational and the Global, Three Automobile Industry Cases, Appendices, Glossary, Index. |
| 520 ## - SUMMARY, ETC. | |
| Summary, etc. | The Nature of International Business, Introduction to International Business, International Trade and Foreign Investment, Theories of International Trade and Economic Development, The International Environment: Organizations and Monetary System, International Monetary System and Balance of Payments, Foreign Environment, Financial Forces, Physical Forces, Sociocultural Forces, Political Forces, Legal Forces, Labor Forces, Competitive and Distributive Forces, Economic Forces, How Management eals with Environmental Forces, Market Assessment and Analysis, Marketing Internationally, Export Practices and Procedures, East-West Trade, Financial Management, Production System, Labor Relations Policies and Management, Planning and Organizing, Control and Staffing, The Multinational and the Global, Three Automobile Industry Cases, Appendices, Glossary, Index. |
| 700 1# - ΠΡΟΣΘΕΤΗ ΑΝΑΓΡΑΦΗ--ΦΥΣΙΚΟ ΠΡΟΣΩΠΟ | |
| Personal name | Ball A. Donald |
| 9 (RLIN) | 6306 |
| 700 1# - ΠΡΟΣΘΕΤΗ ΑΝΑΓΡΑΦΗ--ΦΥΣΙΚΟ ΠΡΟΣΩΠΟ | |
| Personal name | Mcculloch Wendell |
| 9 (RLIN) | 1004 |
| 942 ## - ADDED ENTRY ELEMENTS (KOHA) | |
| Koha item type | Books |
| Τύπος τεκμηρίου | Βιβλιοθήκη | Τρέχουσα τοποθεσία | Barcode | Αριθμός εισαγωγής | Ημερομηνία απόκτησης | Ταξιθετικό σύμβολο | Αριθμός αντιτύπου | Κατάσταση απόσυρσης | Κατάσταση χαμένου | Κατάσταση κατεστραμμένου | Μη δανεισμός | Σύνολο δανεισμών | Ημερομηνία τελευταίας εμφάνισης | Η τιμή ισχύει από |
|---|---|---|---|---|---|---|---|---|---|---|---|---|---|---|
| Books | MC Athens Campus Library | MC Athens Campus Library | 9780000054234 | 6659 | 05/06/2025 | 658/.049 BAL | 1 | 05/06/2025 | 05/06/2025 |